LIBRARY & INFORMATION CENTRE, KCAET, TAVANUR

ONLINE PUBLIC ACCESS CATALOGUE (OPAC)

Aristotle / (Record no. 714)

MARC details
000 -LEADER
fixed length control field 00541cam a2200205ua 4500
041 ## - LANGUAGE CODE
Language code of text/sound track or separate title mal
082 ## - DEWEY DECIMAL CLASSIFICATION NUMBER
Classification number 921.85
Item number DAM/AR
100 ## - MAIN ENTRY--AUTHOR NAME
Personal name Damodharan pillai, P .
245 ## - TITLE STATEMENT
Title Aristotle /
260 ## - PUBLICATION, DISTRIBUTION, ETC. (IMPRINT)
Place of publication Trivandrum :
Name of publisher Balan Prasidheekaranangal ,
Year of publication 1963.
300 ## - PHYSICAL DESCRIPTION
Number of Pages 89 ; .
490 0# - SERIES STATEMENT
Series statement Balan General series,
Volume number/sequential designation No:37
942 ## - ADDED ENTRY ELEMENTS (KOHA)
Koha item type Books
Holdings
Withdrawn status Lost status Damaged status Home library Current library Date acquired Full call number Accession Number Koha item type Public note
Withdrawn     KAUAET KAUAET 07/04/2012 921.85 9482 Books Deleted
Withdrawn     KAUAET Sanskrit University 07/04/2012 921.85 9236 Books  
free website counter